000
00299nam a2200133Ia 4500
005
20251222143318.0
008
251222s9999||||xx |||||||||||||| ||spa||
082
_a
372.87/H79
100
_a
Howard, Walter
245
0
_a
La Música y el Niño
250
_a
2a.ed.
264
_b
EUDEBA
942
_c
LIB
999
_c
15960
_d
15960